[Event "15. Sueder Sommerpokal 2005"]
[Site "Recklinghausen GER"]
[Date "2005.08.03"]
[Round "3.7"]
[White "Leveikina, Jevgenija"]
[Black "Rath, Oliver"]
[Result "1-0"]
[WhiteElo "2013"]
[BlackElo "1889"]
[PlyCount "67"]
[EventDate "2005.08.01"]
[EventType "swiss"]
[EventRounds "9"]
[EventCountry "GER"]
[Source "lmi"]
[SourceDate "2005.08.02"]

1. c4 c5 2. Nf3 Nf6 3. Nc3 d6 4. d3 e6 5. g3 Nc6 6. Bg2 Be7 7. O-O Rb8 8. d4
cxd4 9. Nxd4 Nxd4 10. Qxd4 b6 11. Bc6+ Bd7 12. Bg2 Bc8 13. Rd1 a6 14. Bg5 Bb7
15. Bxf6 gxf6 16. Ne4 Bxe4 17. Bxe4 Qc7 18. Rac1 Rc8 19. b4 O-O 20. a4 f5 21.
Bf3 Rfd8 22. e4 fxe4 23. Bxe4 Bf8 24. Qd3 f5 25. Bf3 Bh6 26. Rc2 b5 27. axb5
axb5 28. Qe2 Kf7 29. Re1 Qd7 30. c5 d5 31. Bh5+ Ke7 32. Qe5 Rf8 33. Be2 Qc6 34.
Bxb5 1-0

[Event "15. Sueder Sommerpokal 2005"]
[Site "Recklinghausen GER"]
[Date "2005.08.03"]
[Round "3.8"]
[White "Riesenbeck, Marten"]
[Black "Oberste, Norbert"]
[Result "0-1"]
[WhiteElo "1647"]
[BlackElo "1996"]
[PlyCount "108"]
[EventDate "2005.08.01"]
[EventType "swiss"]
[EventRounds "9"]
[EventCountry "GER"]
[Source "lmi"]
[SourceDate "2005.08.02"]

1. d4 f5 2. g3 d5 3. Bg2 e6 4. c4 c6 5. b3 Nf6 6. Nh3 Bd6 7. Bf4 Bb4+ 8. Nd2
Bc3 9. Rc1 Bxd4 10. e3 Bb2 11. Rc2 Ba3 12. cxd5 exd5 13. Be5 O-O 14. O-O Nbd7
15. Bd4 Qe8 16. Nf4 Bd6 17. Nd3 Ne4 18. f3 Ng5 19. Re1 Ne6 20. Bb2 Nec5 21.
Nxc5 Bxc5 22. Kh1 Qh5 23. e4 Bf2 24. f4 Qxd1 25. Rxd1 fxe4 26. Nxe4 Be3 27. Re2
Bb6 28. Nd6 Nf6 29. Bf3 Ng4 30. Bd4 Bxd4 31. Rxd4 Nf6 32. Re7 b5 33. Nxc8 Rfxc8
34. Rd2 a5 35. a3 Re8 36. Rde2 Rxe7 37. Rxe7 Re8 38. Rxe8+ Nxe8 39. Kg2 Kf7 40.
Kf2 Ke6 41. Ke3 c5 42. Kd3 Nf6 43. g4 h6 44. h3 g5 45. fxg5 hxg5 46. Ke3 Ke5
47. Be2 b4 48. axb4 axb4 49. Bd3 Nd7 50. Bb5 Nb6 51. Bd3 c4 52. bxc4 dxc4 53.
Bb1 Nd5+ 54. Kd2 Kd4 0-1

[Event "15. Sueder Sommerpokal 2005"]
[Site "Recklinghausen GER"]
[Date "2005.08.03"]
[Round "3.9"]
[White "Halasz, Tamas"]
[Black "Knack, Willi"]
[Result "1-0"]
[WhiteElo "2385"]
[BlackElo "1700"]
[PlyCount "57"]
[EventDate "2005.08.01"]
[EventType "swiss"]
[EventRounds "9"]
[EventCountry "GER"]
[Source "lmi"]
[SourceDate "2005.08.02"]

1. d4 Nf6 2. Nf3 d6 3. c4 c6 4. Nc3 Bf5 5. Nh4 Bg6 6. Nxg6 hxg6 7. e4 Qc7 8. g3
e5 9. Be3 Nbd7 10. d5 Qa5 11. Bg2 Be7 12. O-O Qb4 13. Qd3 Nc5 14. Qe2 Nfd7 15.
Rfc1 O-O-O 16. b3 Qa3 17. Rcb1 Rh7 18. Qc2 a5 19. Bc1 Qb4 20. a3 Qb6 21. Be3
Rdh8 22. b4 Qc7 23. bxc5 Nxc5 24. dxc6 bxc6 25. Bxc5 dxc5 26. h4 Bxh4 27. gxh4
Rxh4 28. Ne2 f5 29. Rb3 1-0

[Event "15. Sueder Sommerpokal 2005"]
[Site "Recklinghausen GER"]
[Date "2005.08.03"]
[Round "3.10"]
[White "Kummerow, Heiko"]
[Black "Bastians, Felix"]
[Result "1-0"]
[WhiteElo "2296"]
[BlackElo "1865"]
[PlyCount "63"]
[EventDate "2005.08.01"]
[EventType "swiss"]
[EventRounds "9"]
[EventCountry "GER"]
[Source "lmi"]
[SourceDate "2005.08.02"]

1. e4 d6 2. d4 Nf6 3. Nc3 g6 4. Bg5 Bg7 5. f4 O-O 6. Qd2 c5 7. dxc5 dxc5 8.
Qxd8 Rxd8 9. e5 Nh5 10. Bxe7 Re8 11. Bxc5 Nxf4 12. O-O-O Bg4 13. Nf3 Bxf3 14.
gxf3 Bxe5 15. Bb5 Nc6 16. Ne4 a6 17. Bxc6 bxc6 18. Bd6 Ne2+ 19. Kb1 Bg7 20. Rd3
f5 21. Nc5 Nd4 22. Rhd1 Re2 23. c3 Nb5 24. Bf4 g5 25. Bxg5 Be5 26. f4 Bg7 27.
Rg1 Kf7 28. Rd7+ Kf8 29. Rb7 h6 30. Nd7+ Kf7 31. Nb6+ Kf8 32. Rxg7 1-0

[Event "15. Sueder Sommerpokal 2005"]
[Site "Recklinghausen GER"]
[Date "2005.08.03"]
[Round "3.11"]
[White "Langers, Alexander"]
[Black "Eismont, Igor"]
[Result "0-1"]
[WhiteElo "1734"]
[BlackElo "2292"]
[PlyCount "102"]
[EventDate "2005.08.01"]
[EventType "swiss"]
[EventRounds "9"]
[EventCountry "GER"]
[Source "lmi"]
[SourceDate "2005.08.02"]

1. e4 d6 2. d4 Nf6 3. Nc3 e5 4. dxe5 dxe5 5. Qxd8+ Kxd8 6. Bc4 Be6 7. Bxe6 fxe6
8. Nf3 Bd6 9. Be3 a6 10. Rd1 Ke7 11. Nd2 Nc6 12. Nb3 b5 13. a3 Nd7 14. Ke2 h6
15. h4 Rab8 16. Na2 a5 17. Rb1 a4 18. Nbc1 Nd4+ 19. Kd2 Nb6 20. c3 Nc4+ 21. Kd1
Nxe3+ 22. fxe3 Nc6 23. Ke2 Na5 24. Nd3 Nc4 25. Nab4 Rb6 26. g4 c5 27. Nc2 Na5
28. Rhc1 Nc6 29. Rf1 Rbb8 30. Kf3 Rhf8+ 31. Ke2 Rxf1 32. Rxf1 Rc8 33. Ra1 Nb8
34. Rf1 Nd7 35. Nf2 b4 36. axb4 cxb4 37. Kd2 b3 38. Ne1 Nb6 39. Ned3 Nc4+ 40.
Ke2 Ra8 41. Rb1 Kd7 42. Nc1 Kc6 43. Nh3 Kb5 44. Ng1 Nxb2 45. Rxb2 Ba3 46. Rxb3+
axb3 47. Nxb3 Kc4 48. Nd2+ Kxc3 49. Nb1+ Kc2 50. Nxa3+ Rxa3 51. Kf3 Kd2 0-1

[Event "15. Sueder Sommerpokal 2005"]
[Site "Recklinghausen GER"]
[Date "2005.08.03"]
[Round "3.12"]
[White "Hortsch-Stoyanov, Peter"]
[Black "Sharma, Danesh"]
[Result "1-0"]
[WhiteElo "2263"]
[BlackElo "1746"]
[PlyCount "57"]
[EventDate "2005.08.01"]
[EventType "swiss"]
[EventRounds "9"]
[EventCountry "GER"]
[Source "lmi"]
[SourceDate "2005.08.02"]

1. e4 e5 2. Nf3 Nc6 3. Bc4 Nf6 4. d3 Bc5 5. O-O O-O 6. Bg5 d6 7. c3 Na5 8. Bb5
a6 9. Ba4 Ba7 10. Nbd2 h6 11. Be3 b5 12. Bc2 c5 13. h3 Re8 14. d4 Nc6 15. dxe5
dxe5 16. Nh4 Ng4 17. Nf5 Nxe3 18. fxe3 c4 19. Qe2 Ne7 20. Rad1 Nxf5 21. exf5
Qg5 22. Rde1 Bb7 23. Be4 Rab8 24. Bxb7 Rxb7 25. Ne4 Qd8 26. Qg4 f6 27. Rd1
Bxe3+ 28. Kh1 Qb6 29. Rd6 1-0

[Event "15. Sueder Sommerpokal 2005"]
[Site "Recklinghausen GER"]
[Date "2005.08.03"]
[Round "3.13"]
[White "Kreslawski, Raimond"]
[Black "Senay, Baris"]
[Result "1-0"]
[WhiteElo "2245"]
[BlackElo "1659"]
[PlyCount "120"]
[EventDate "2005.08.01"]
[EventType "swiss"]
[EventRounds "9"]
[EventCountry "GER"]
[Source "lmi"]
[SourceDate "2005.08.02"]

1. e4 c5 2. Nf3 Nc6 3. Nc3 e6 4. d4 cxd4 5. Nxd4 Nf6 6. Ndb5 Bb4 7. a3 Bxc3+ 8.
Nxc3 d5 9. exd5 exd5 10. Bd3 O-O 11. O-O h6 12. Bf4 d4 13. Ne2 Qd5 14. Ng3 Re8
15. Re1 Bd7 16. Rxe8+ Rxe8 17. Qf1 Ne5 18. Bxe5 Qxe5 19. Qe2 Qf4 20. Qf1 Qe5
21. Rd1 Bc6 22. Rd2 Qc5 23. Re2 a5 24. Rxe8+ Nxe8 25. Qe1 Nd6 26. Qe7 Qd5 27.
Qd8+ Ne8 28. Qxd5 Bxd5 29. Nf5 Kf8 30. f3 g6 31. Nxd4 Nd6 32. Kf2 Ke7 33. Ke3
Kf6 34. b3 Ke5 35. c4 Bc6 36. f4+ Kf6 37. Nxc6 bxc6 38. Kd4 Ke7 39. Kc5 Kd7 40.
Kb6 a4 41. b4 f5 42. c5 Ne4 43. b5 cxb5 44. Bxb5+ Kd8 45. Bxa4 g5 46. Bc6 gxf4
47. a4 Ng5 48. a5 Ne6 49. a6 Nc7 50. a7 h5 51. h4 Kc8 52. a8=Q+ Nxa8+ 53. Bxa8
Kd7 54. c6+ Ke6 55. c7 Ke5 56. c8=Q Kd4 57. Qe6 f3 58. Bxf3 f4 59. Qe4+ Kc3 60.
Kb5 Kb2 1-0

[Event "15. Sueder Sommerpokal 2005"]
[Site "Recklinghausen GER"]
[Date "2005.08.03"]
[Round "3.14"]
[White "Reinholz, Benjamin"]
[Black "Jähnisch, Frank"]
[Result "0-1"]
[WhiteElo "1712"]
[BlackElo "2241"]
[PlyCount "109"]
[EventDate "2005.08.01"]
[EventType "swiss"]
[EventRounds "9"]
[EventCountry "GER"]
[Source "lmi"]
[SourceDate "2005.08.02"]

1. e4 e6 2. d4 d5 3. exd5 exd5 4. Nf3 Bd6 5. Be2 Nc6 6. O-O Bg4 7. Re1 Nge7 8.
b3 f6 9. Be3 Qd7 10. a3 Ng6 11. c4 Nce7 12. Nc3 c6 13. cxd5 Nxd5 14. Nxd5 cxd5
15. Bf4 O-O 16. Ne5 Bxe2 17. Nxd7 Bxd1 18. Bxd6 Rfd8 19. Raxd1 Rxd7 20. Bg3 Rc8
21. Kf1 Rc3 22. Re3 Rc2 23. Re2 Rc6 24. h4 h5 25. Rdd2 Ne7 26. f3 Rc3 27. Rb2
Nf5 28. Bf2 Rc1+ 29. Re1 Rc8 30. Ke2 Kf7 31. Kd2 Rdc7 32. Re2 Rc3 33. Kd1 Rc1+
34. Kd2 Rh1 35. Re1 Rh2 36. Rg1 Nxh4 37. Bxh4 Rxh4 38. Kd3 Rf4 39. Rf2 h4 40.
g3 hxg3 41. Rxg3 Rh4 42. Rgg2 Rc7 43. Rh2 Rxh2 44. Rxh2 Re7 45. Rh5 g5 46. Rh8
Ke6 47. Ke3 Kf5+ 48. Kf2 Kf4 49. Rd8 Re3 50. Rxd5 Rxf3+ 51. Kg2 Rg3+ 52. Kf2
Rxb3 53. Rd7 g4 54. d5 Rb2+ 55. Kg1 0-1

[Event "15. Sueder Sommerpokal 2005"]
[Site "Recklinghausen GER"]
[Date "2005.08.03"]
[Round "3.15"]
[White "Podzielny, Karl-Heinz"]
[Black "Savchenko, Aleksij"]
[Result "1-0"]
[WhiteElo "2452"]
[BlackElo "2013"]
[PlyCount "99"]
[EventDate "2005.08.01"]
[EventType "swiss"]
[EventRounds "9"]
[EventCountry "GER"]
[Source "lmi"]
[SourceDate "2005.08.02"]

1. d4 c5 2. d5 d6 3. e4 Nf6 4. Nc3 g6 5. Bb5+ Bd7 6. a4 Bxb5 7. axb5 Nbd7 8.
Qe2 Bg7 9. Nf3 O-O 10. O-O Qb6 11. Nd2 a6 12. Nc4 Qc7 13. bxa6 Rxa6 14. Rxa6
bxa6 15. Bg5 h6 16. Bh4 Re8 17. Ra1 Nb8 18. h3 Nh5 19. g4 Nf4 20. Qf3 g5 21.
Bg3 Nxh3+ 22. Kg2 Nf4+ 23. Bxf4 gxf4 24. Ne2 e5 25. dxe6 fxe6 26. Qxf4 Rd8 27.
Rd1 Bf8 28. Ng3 Qf7 29. Qxf7+ Kxf7 30. f4 Nc6 31. c3 d5 32. Ne3 d4 33. Nc4 e5
34. f5 Rb8 35. Ra1 a5 36. Kf3 Rb5 37. Ne2 Be7 38. Nc1 Kf6 39. Nd3 Bd8 40. Rh1
Kg7 41. Ke2 Bg5 42. Ra1 Be7 43. Kd2 Kf6 44. Rh1 Bf8 45. Kc2 Rb7 46. Nxc5 Ra7
47. Ne6 Bg7 48. Nb6 Ne7 49. cxd4 exd4 50. e5+ 1-0

[Event "15. Sueder Sommerpokal 2005"]
[Site "Recklinghausen GER"]
[Date "2005.08.03"]
[Round "3.16"]
[White "Kappler, Thomas"]
[Black "Ciornei, Dragos"]
[Result "1/2-1/2"]
[WhiteElo "1688"]
[BlackElo "2198"]
[PlyCount "101"]
[EventDate "2005.08.01"]
[EventType "swiss"]
[EventRounds "9"]
[EventCountry "GER"]
[Source "lmi"]
[SourceDate "2005.08.02"]

1. d4 g6 2. c4 Nf6 3. Nc3 Bg7 4. e4 O-O 5. f3 d6 6. Be3 e5 7. dxe5 dxe5 8. Nb5
Na6 9. a3 Qe7 10. Nxa7 Rd8 11. Qc2 Nc5 12. b4 Ne6 13. Nxc8 Rdxc8 14. Bd3 Nh5
15. Ne2 Nhf4 16. O-O Qg5 17. Bxf4 exf4 18. Ra2 c5 19. Rd1 Rd8 20. b5 b6 21. a4
Qe5 22. Qc1 Rd7 23. Bb1 Rxd1+ 24. Qxd1 Rd8 25. Rd2 Nd4 26. Nxd4 Rxd4 27. Rxd4
cxd4 28. Bd3 Qc5 29. Qd2 Qa3 30. Qc2 Bf8 31. Kf2 Bb4 32. Ke2 Qa1 33. Qd1 Qc3
34. g3 fxg3 35. hxg3 h5 36. f4 f6 37. Kf2 Kg7 38. Kg2 Qb2+ 39. Qc2 Qa1 40. Kh2
h4 41. gxh4 Qe1 42. Kg2 Qe3 43. Qe2 Qxf4 44. Qf2 Qg4+ 45. Qg3 Qd1 46. e5 f5 47.
Bxf5 Qe2+ 48. Kg1 Qd1+ 49. Kg2 Qe2+ 50. Kg1 Qd1+ 51. Kg2 1/2-1/2

[Event "15. Sueder Sommerpokal 2005"]
[Site "Recklinghausen GER"]
[Date "2005.08.03"]
[Round "3.17"]
[White "Bosau, Jens"]
[Black "Litwak, Aleksej"]
[Result "1/2-1/2"]
[WhiteElo "1657"]
[BlackElo "2168"]
[PlyCount "55"]
[EventDate "2005.08.01"]
[EventType "swiss"]
[EventRounds "9"]
[EventCountry "GER"]
[Source "lmi"]
[SourceDate "2005.08.02"]

1. d4 Nf6 2. c4 e6 3. Nc3 Bb4 4. a3 Bxc3+ 5. bxc3 Ne4 6. Qc2 f5 7. Nf3 O-O 8.
Nd2 Nxd2 9. Bxd2 b6 10. e4 Qh4 11. exf5 Bb7 12. O-O-O Rxf5 13. Be3 Qe7 14. Bd3
Qxa3+ 15. Kd2 Rh5 16. Be2 Ra5 17. Ra1 Qxa1 18. Rxa1 Rxa1 19. Bd3 h6 20. Bh7+
Kh8 21. Bxh6 gxh6 22. Qg6 Nc6 23. Qxh6 Nd8 24. Be4+ Kg8 25. Qg6+ Kf8 26. Qf6+
Kg8 27. Qg6+ Kf8 28. Qf6+ 1/2-1/2

[Event "15. Sueder Sommerpokal 2005"]
[Site "Recklinghausen GER"]
[Date "2005.08.03"]
[Round "3.18"]
[White "Werner, Michael"]
[Black "Kartsev, Alexandr"]
[Result "1-0"]
[WhiteElo "2144"]
[BlackElo "1647"]
[PlyCount "55"]
[EventDate "2005.08.01"]
[EventType "swiss"]
[EventRounds "9"]
[EventCountry "GER"]
[Source "lmi"]
[SourceDate "2005.08.02"]

1. d4 f5 2. e4 fxe4 3. Nc3 Nf6 4. Bg5 Nc6 5. d5 Ne5 6. Qd4 Nf7 7. Bh4 g6 8.
Nxe4 Nxe4 9. Qxe4 Bh6 10. Bd3 d6 11. Nf3 Bf5 12. Qa4+ Bd7 13. Qb3 Rb8 14. O-O
O-O 15. Rae1 Re8 16. Nd4 c5 17. Ne6 Qc8 18. c4 Ne5 19. f4 Bxe6 20. fxe5 Bg4 21.
Qc2 Bh5 22. e6 g5 23. Bxh7+ Kg7 24. Rf7+ Bxf7 25. exf7 Rf8 26. Qg6+ Kh8 27.
Qxh6 Rxf7 28. Bf5+ 1-0

[Event "15. Sueder Sommerpokal 2005"]
[Site "Recklinghausen GER"]
[Date "2005.08.03"]
[Round "3.19"]
[White "Wrona, Manfred"]
[Black "Zarges, Stephan"]
[Result "0-1"]
[WhiteElo "1609"]
[BlackElo "2138"]
[PlyCount "72"]
[EventDate "2005.08.01"]
[EventType "swiss"]
[EventRounds "9"]
[EventCountry "GER"]
[Source "lmi"]
[SourceDate "2005.08.02"]

1. e4 e5 2. Nf3 Nc6 3. Bc4 Bc5 4. d3 Nf6 5. h3 d6 6. c3 O-O 7. Bg5 h6 8. Bh4
Qe7 9. Nbd2 Bb6 10. O-O Nd8 11. Nh2 g5 12. Bg3 Ne6 13. Ng4 Kg7 14. Ne3 Nf4 15.
Bxf4 exf4 16. Nd5 Nxd5 17. Bxd5 c6 18. Bb3 Be6 19. Bc2 f5 20. Re1 Qf7 21. e5
Rad8 22. Qe2 Bc7 23. d4 dxe5 24. dxe5 Rfe8 25. c4 Ba5 26. Rad1 Bxd2 27. Rxd2
Bxc4 28. Qd1 Rxd2 29. Qxd2 Bxa2 30. Qc3 Be6 31. Rd1 Bd5 32. g4 fxg3 33. Qxg3
Qe7 34. Re1 Qb4 35. Rd1 Qf4 36. Rxd5 Qxg3+ 0-1

[Event "15. Sueder Sommerpokal 2005"]
[Site "Recklinghausen GER"]
[Date "2005.08.03"]
[Round "3.20"]
[White "Hagermann, Hermann"]
[Black "Bensch, Arnold Heinrich"]
[Result "1-0"]
[WhiteElo "2133"]
[BlackElo "1632"]
[PlyCount "83"]
[EventDate "2005.08.01"]
[EventType "swiss"]
[EventRounds "9"]
[EventCountry "GER"]
[Source "lmi"]
[SourceDate "2005.08.02"]

1. e4 c6 2. Nf3 d5 3. exd5 Qxd5 4. Nc3 Qa5 5. d4 Bg4 6. Be2 Nf6 7. O-O h6 8.
Ne5 Bf5 9. Bf4 e6 10. Bf3 Be7 11. Re1 O-O 12. Qe2 Qd8 13. Rad1 Bd6 14. Ne4 Bxe4
15. Bxe4 Nxe4 16. Qxe4 Qc7 17. Rd3 Nd7 18. Rg3 Nf6 19. Qf3 Kh8 20. Bxh6 Bxe5
21. dxe5 Ne8 22. Bg5 f5 23. exf6 Nxf6 24. Rxe6 Nh7 25. Qh5 Qf7 26. Qxf7 Rxf7
27. Be3 Kg8 28. h4 a6 29. h5 Nf6 30. h6 Re8 31. Rxe8+ Nxe8 32. Bd4 Kh7 33. hxg7
Nxg7 34. Bxg7 Rxg7 35. Rxg7+ Kxg7 36. g4 Kg6 37. f4 c5 38. Kf2 b5 39. Ke3 a5
40. Ke4 Kf6 41. Kd5 c4 42. Kc5 1-0

[Event "15. Sueder Sommerpokal 2005"]
[Site "Recklinghausen GER"]
[Date "2005.08.03"]
[Round "3.21"]
[White "Nebel, Rudi"]
[Black "Weißkopf, Lutz"]
[Result "0-1"]
[WhiteElo "1598"]
[BlackElo "2122"]
[PlyCount "58"]
[EventDate "2005.08.01"]
[EventType "swiss"]
[EventRounds "9"]
[EventCountry "GER"]
[Source "lmi"]
[SourceDate "2005.08.02"]

1. e4 c5 2. Nf3 d6 3. d3 Nc6 4. Be2 g6 5. Be3 Nf6 6. h3 Bg7 7. Nc3 O-O 8. Qd2
Re8 9. O-O a6 10. a4 Qc7 11. d4 cxd4 12. Nxd4 Ne5 13. b3 Ned7 14. Rad1 Nc5 15.
Bf3 Bd7 16. Nb1 Nfxe4 17. Bxe4 Nxe4 18. Qe1 e5 19. Ne2 b5 20. f3 Nc5 21. a5
Rac8 22. b4 Na4 23. c3 Bf5 24. Bf2 d5 25. Rxd5 Qc4 26. Rd2 Bh6 27. f4 Bxb1 28.
Qxb1 exf4 29. Qa2 f3 0-1

[Event "15. Sueder Sommerpokal 2005"]
[Site "Recklinghausen GER"]
[Date "2005.08.03"]
[Round "3.22"]
[White "Kitis, Peter"]
[Black "Krug, Kevin"]
[Result "0-1"]
[WhiteElo "1578"]
[BlackElo "2098"]
[PlyCount "78"]
[EventDate "2005.08.01"]
[EventType "swiss"]
[EventRounds "9"]
[EventCountry "GER"]
[Source "lmi"]
[SourceDate "2005.08.02"]

1. e4 Nc6 2. d4 d5 3. e5 f6 4. f4 Bf5 5. Nf3 Qd7 6. c3 Be4 7. h3 f5 8. Nbd2 e6
9. g4 g6 10. Rh2 Nh6 11. g5 Nf7 12. h4 Be7 13. b3 Kf8 14. Bb2 Kg7 15. Qe2 a6
16. O-O-O b5 17. h5 Na5 18. b4 Nc4 19. Nxc4 bxc4 20. h6+ Kf8 21. Rd2 Qa4 22. a3
a5 23. Ne1 axb4 24. cxb4 c3 25. Bxc3 Qxa3+ 26. Bb2 Qb3 27. Rc2 Bxc2 28. Qxc2
Qe3+ 29. Kb1 Qxe1+ 30. Bc1 Qxb4+ 31. Qb2 Nd8 32. Rc2 Ra7 33. Bd2 Qxb2+ 34. Kxb2
Rb7+ 35. Ka2 Ke8 36. Ka1 Kd7 37. Ba6 Rb6 38. Ra2 Nc6 39. Bc3 Rhb8 0-1

[Event "15. Sueder Sommerpokal 2005"]
[Site "Recklinghausen GER"]
[Date "2005.08.03"]
[Round "3.24"]
[White "Kortenbusch, Christoph"]
[Black "Kühneweg, Christian"]
[Result "1-0"]
[WhiteElo "2070"]
[BlackElo "1496"]
[PlyCount "31"]
[EventDate "2005.08.01"]
[EventType "swiss"]
[EventRounds "9"]
[EventCountry "GER"]
[Source "lmi"]
[SourceDate "2005.08.02"]

1. e4 c5 2. Nc3 Nc6 3. g3 d6 4. Bg2 e5 5. d3 Nf6 6. h3 Be7 7. f4 Nd7 8. Nge2
Nb6 9. O-O f6 10. Be3 Be6 11. Nd5 Rc8 12. c3 Na8 13. Qd2 Qd7 14. Kh2 Nc7 15. d4
b6 16. Nxc7+ 1-0

[Event "15. Sueder Sommerpokal 2005"]
[Site "Recklinghausen GER"]
[Date "2005.08.03"]
[Round "3.25"]
[White "Rütten, Ingmar"]
[Black "Rodig, Claus"]
[Result "1-0"]
[WhiteElo "2037"]
[BlackElo "1439"]
[PlyCount "35"]
[EventDate "2005.08.01"]
[EventType "swiss"]
[EventRounds "9"]
[EventCountry "GER"]
[Source "lmi"]
[SourceDate "2005.08.02"]

1. d4 d5 2. Nf3 Nf6 3. c4 c6 4. Nc3 g6 5. Bg5 Bg7 6. e3 O-O 7. Qb3 e6 8. Be2
Nbd7 9. O-O Qb6 10. Qa3 dxc4 11. Bxc4 c5 12. Na4 Qb4 13. Qxb4 cxb4 14. a3 bxa3
15. Rxa3 Ne4 16. Bf4 Ndf6 17. Nb6 Rb8 18. Bxb8 1-0

[Event "15. Sueder Sommerpokal 2005"]
[Site "Recklinghausen GER"]
[Date "2005.08.03"]
[Round "3.26"]
[White "Kamper, Marco"]
[Black "Distelrath, Oliver"]
[Result "0-1"]
[WhiteElo "1543"]
[BlackElo "2029"]
[PlyCount "70"]
[EventDate "2005.08.01"]
[EventType "swiss"]
[EventRounds "9"]
[EventCountry "GER"]
[Source "lmi"]
[SourceDate "2005.08.02"]

1. e4 c6 2. d4 d5 3. e5 c5 4. c3 Nc6 5. Nf3 Bg4 6. Be2 e6 7. Nbd2 cxd4 8. cxd4
Bb4 9. O-O Nge7 10. Nb3 Nf5 11. Be3 O-O 12. Bd3 f6 13. exf6 Qxf6 14. Be2 Nxe3
15. fxe3 Qh6 16. Qc1 Rac8 17. Nc5 b6 18. a3 Bxc5 19. dxc5 Na5 20. b4 Nb3 21.
Qc3 Nxa1 22. Rxa1 bxc5 23. bxc5 Bxf3 24. gxf3 Qf6 25. Qxf6 Rxf6 26. Rc1 Kf8 27.
Kf2 e5 28. Bb5 Ke7 29. Rc2 e4 30. f4 g5 31. Kg3 gxf4+ 32. exf4 Rg8+ 33. Kf2 a6
34. Ba4 d4 35. Rc4 Rxf4+ 0-1

[Event "15. Sueder Sommerpokal 2005"]
[Site "Recklinghausen GER"]
[Date "2005.08.03"]
[Round "3.27"]
[White "Bashylin, Vsevolod"]
[Black "Band, Rüdiger"]
[Result "1/2-1/2"]
[WhiteElo "1362"]
[BlackElo "2020"]
[PlyCount "52"]
[EventDate "2005.08.01"]
[EventType "swiss"]
[EventRounds "9"]
[EventCountry "GER"]
[Source "lmi"]
[SourceDate "2005.08.02"]

1. d4 c5 2. c3 Nf6 3. Bf4 b6 4. e3 Bb7 5. Nf3 g6 6. h3 Bg7 7. Be2 O-O 8. O-O d6
9. Nbd2 Nbd7 10. Qc2 Rc8 11. a4 a6 12. Bc4 cxd4 13. exd4 Bxf3 14. gxf3 a5 15.
Qb3 Nh5 16. Bh2 Bh6 17. Ne4 Nf4 18. Bxf4 Bxf4 19. Kh1 e6 20. Bd3 d5 21. Ng3 Nf6
22. Rg1 h5 23. Ne2 Bc7 24. Qc2 Qd6 25. Rg2 Kh8 26. f4 Rg8 1/2-1/2

[Event "15. Sueder Sommerpokal 2005"]
[Site "Recklinghausen GER"]
[Date "2005.08.03"]
[Round "3.28"]
[White "Thiem, Simon"]
[Black "Bubolz, Konstantin"]
[Result "0-1"]
[WhiteElo "1155"]
[BlackElo "2019"]
[PlyCount "64"]
[EventDate "2005.08.01"]
[EventType "swiss"]
[EventRounds "9"]
[EventCountry "GER"]
[Source "lmi"]
[SourceDate "2005.08.02"]

1. d4 Nf6 2. Bf4 d5 3. e3 c5 4. c3 Nc6 5. Nd2 Bf5 6. Ngf3 h6 7. Be2 e6 8. Qb3
Qb6 9. Qxb6 axb6 10. Bc7 Nd7 11. Bb5 Be7 12. Ne5 Ndxe5 13. dxe5 O-O 14. f4 Na7
15. Bd7 b5 16. h3 Rad8 17. Bxe6 fxe6 18. Bxd8 Rxd8 19. g4 Bd3 20. Nf3 Nc6 21.
Rd1 c4 22. a3 Rf8 23. Kf2 g5 24. Kg3 Be2 25. Rd2 Bxf3 26. Kxf3 Nxe5+ 27. Kg3
Nd3 28. Re2 Bd6 29. e4 gxf4+ 30. Kf3 Ne5+ 31. Kf2 f3 32. Re3 Bc5 0-1

[Event "15. Sueder Sommerpokal 2005"]
[Site "Recklinghausen GER"]
[Date "2005.08.03"]
[Round "3.29"]
[White "Barskij, Aleksandr"]
[Black "Mundorf, Johannes"]
[Result "1-0"]
[WhiteElo "1996"]
[BlackElo "1253"]
[PlyCount "45"]
[EventDate "2005.08.01"]
[EventType "swiss"]
[EventRounds "9"]
[EventCountry "GER"]
[Source "lmi"]
[SourceDate "2005.08.02"]

1. e4 d5 2. exd5 Qxd5 3. Nc3 Qd6 4. d4 Nf6 5. Nf3 a6 6. g3 b5 7. Bf4 Qb6 8. Bg2
Bb7 9. O-O e6 10. Re1 Be7 11. Ne5 Bxg2 12. Kxg2 O-O 13. Qf3 Ra7 14. Rad1 b4 15.
Na4 Qb5 16. Nc5 Bxc5 17. dxc5 Nd5 18. Rxd5 exd5 19. Qxd5 c6 20. Qd6 f6 21. Qe6+
Kh8 22. Nf7+ Raxf7 23. Qxf7 1-0

[Event "15. Sueder Sommerpokal 2005"]
[Site "Recklinghausen GER"]
[Date "2005.08.03"]
[Round "3.30"]
[White "Kartsev, Soel"]
[Black "Denig, Friedrich"]
[Result "1-0"]
[WhiteElo "2269"]
[BlackElo "2077"]
[PlyCount "53"]
[EventDate "2005.08.01"]
[EventType "swiss"]
[EventRounds "9"]
[EventCountry "GER"]
[Source "lmi"]
[SourceDate "2005.08.02"]

1. d4 d5 2. c4 c6 3. Nc3 Nf6 4. Nf3 Nbd7 5. g3 e6 6. cxd5 exd5 7. Bg2 Bd6 8.
O-O O-O 9. a3 a5 10. Re1 Re8 11. Qc2 Nf8 12. Bg5 h6 13. Bxf6 Qxf6 14. e4 Qg6
15. Nh4 Qh7 16. Rac1 g5 17. Nf3 Be6 18. Qd2 Nd7 19. exd5 cxd5 20. Nb5 Bb8 21.
Ne5 f6 22. Nd3 Qf7 23. Rc7 Bxc7 24. Nxc7 Nb6 25. Nxe8 Nc4 26. Qe2 Rxe8 27. Bxd5
1-0

[Event "15. Sueder Sommerpokal 2005"]
[Site "Recklinghausen GER"]
[Date "2005.08.03"]
[Round "3.31"]
[White "Trzaska, Peter"]
[Black "Bischof, Rainer"]
[Result "1-0"]
[WhiteElo "2198"]
[BlackElo "2020"]
[PlyCount "109"]
[EventDate "2005.08.01"]
[EventType "swiss"]
[EventRounds "9"]
[EventCountry "GER"]
[Source "lmi"]
[SourceDate "2005.08.02"]

1. e4 c6 2. c4 d5 3. exd5 cxd5 4. cxd5 Nf6 5. Nc3 a6 6. Qb3 g6 7. Nf3 Bg7 8.
Be2 O-O 9. d4 Nbd7 10. Bg5 Nb6 11. Bxf6 Bxf6 12. O-O Nd7 13. Ne4 Bg7 14. d6 Nf6
15. dxe7 Qxe7 16. Nxf6+ Bxf6 17. Bc4 b5 18. Bd5 Bb7 19. Bxb7 Qxb7 20. a4 b4 21.
Rac1 a5 22. Rc5 Rfd8 23. Rfc1 Rd7 24. Qc4 Rad8 25. Rc8 Qa7 26. Rxd8+ Rxd8 27.
Rd1 Qd7 28. Qb3 Re8 29. d5 Re2 30. Rd2 Rxd2 31. Nxd2 Qe7 32. Qe3 Qxe3 33. fxe3
Bxb2 34. Nc4 Bc1 35. Nxa5 Bxe3+ 36. Kf1 Kf8 37. Ke2 Bg1 38. h3 Ke7 39. Kd3 Bf2
40. Kc4 f5 41. Nc6+ Kd6 42. Nxb4 g5 43. a5 g4 44. Nc6 gxh3 45. gxh3 f4 46. Nd4
Ke5 47. Nf3+ Kd6 48. a6 Kc7 49. Kd3 Kb6 50. Ke4 Kxa6 51. Kxf4 Kb7 52. Ke5 Kc7
53. Ke6 Bc5 54. Ng5 h6 55. Nf7 1-0

[Event "15. Sueder Sommerpokal 2005"]
[Site "Recklinghausen GER"]
[Date "2005.08.03"]
[Round "3.32"]
[White "Rausch, Peter"]
[Black "Woller, Rainer"]
[Result "0-1"]
[WhiteElo "1466"]
[BlackElo "2196"]
[PlyCount "64"]
[EventDate "2005.08.01"]
[EventType "swiss"]
[EventRounds "9"]
[EventCountry "GER"]
[Source "lmi"]
[SourceDate "2005.08.02"]

1. e4 d5 2. exd5 Qxd5 3. Nc3 Qd6 4. d4 Nf6 5. Bc4 a6 6. Nf3 b5 7. Bb3 Bb7 8. h3
Nbd7 9. O-O e6 10. Re1 Be7 11. Ng5 Nf8 12. Qe2 h6 13. Nge4 Nxe4 14. Nxe4 Qxd4
15. Nc3 Qd6 16. Be3 c5 17. a3 c4 18. Ba2 Ng6 19. Rad1 Qc6 20. f3 O-O 21. Ne4
Rac8 22. c3 Qc7 23. Bb1 f5 24. Nf2 e5 25. Rd2 e4 26. Bd4 Nf4 27. Qf1 Nh5 28.
Red1 Bg5 29. Bxg7 Qxg7 30. Rd7 Rf7 31. Rd8+ Rxd8 32. Rxd8+ Bxd8 0-1